| 000 | 00652nam a22002057a 4500 | ||
|---|---|---|---|
| 005 | 20220610152233.0 | ||
| 008 | 220610b ||||| |||| 00| 0 eng d | ||
| 020 | _a1879245205 | ||
| 040 | _cAL | ||
| 041 | _aEnglish | ||
| 082 |
_223 _a305.8009515 _bINTJ |
||
| 100 |
_aInternational campaign for tibet _941812 |
||
| 245 | _aJampa:the story of racism in Tibet | ||
| 260 |
_aWashington _bInternational Campaign for tibet _c2001 |
||
| 300 |
_a110 p. _bPB _c23x15 cm. |
||
| 365 |
_c$ _d$5.00 |
||
| 650 |
_aPrepared for the United Nations World Conference against Racism _941813 |
||
| 700 |
_aINTERNATIONAL CAMPAIGN FOR TIBET _941814 |
||
| 942 |
_2ddc _cGF |
||
| 999 |
_c223334 _d223334 |
||